How to pick people for jobs

Bibliographic Details
Main Author: Shackleton, Viv
Format: Book
Published: London : Fontana , 1989
Subjects:

MARC

LEADER 00000cam a2200000 7i4500
001 0000004735
002 000005105
005 20000330.0
020 |a 0006373860 
090 0 0 |a 658.3112   |b SHA 
100 1 |a Shackleton, Viv 
245 1 0 |a How to pick people for jobs   |c Vic Shackleton 
260 |a London :   |b Fontana ,   |c 1989 
300 |a 234p. ;   |c 22cm. 
650 0 0 |a Employment interviewing 
999 |a 035405   |b BUKU   |c PINJAMAN   |e PERPUSTAKAAN KOMUNITI PETALING JAYA